000 00591nam a2200229Ia 4500
003 OSt
005 20220918210051.0
006 a|||||r|||| 00| 0
007 ta
008 220917b |||||||| |||| 00| 0 eng d
024 _a118,985
037 _cTextual
040 _aARTS
_cARTS
_beng
041 _2eng
_aeng
082 _aV73:190791:N1, E3
100 _aBingham Hiram
_9116984
245 0 _aMonroe doctrine
_b an obsolete shibbo leth
260 _c1913
650 _aHISTORY
942 _hV73:190791:N1, E3
_cTEXL
_2CC
999 _c242254
_d242254